Fractional Calculus (Record no. 478341)

000 -LEADER
fixed length control field 00468nam a22001577a 4500
003 - CONTROL NUMBER IDENTIFIER
control field NUST
005 - DATE AND TIME OF LATEST TRANSACTION
control field 20180522055400.0
008 - FIXED-LENGTH DATA ELEMENTS--GENERAL INFORMATION
fixed length control field 180522b ||||| |||| 00| 0 eng d
020 ## - INTERNATIONAL STANDARD BOOK NUMBER
International Standard Book Number 9788184873337
082 ## - DEWEY DECIMAL CLASSIFICATION NUMBER
Classification number 515
100 ## - MAIN ENTRY--PERSONAL NAME
Personal name Editor; Varsh Daftardar- Gejji
9 (RLIN) 10433
245 ## - TITLE STATEMENT
Title Fractional Calculus
Remainder of title Theory and Applications
Statement of responsibility, etc. Editor; Varsh Daftardar- Gejji
260 ## - PUBLICATION, DISTRIBUTION, ETC.
Place of publication, distribution, etc. New Delhi
Name of publisher, distributor, etc. Narosa Publishing House
Date of publication, distribution, etc. 2014
300 ## - PHYSICAL DESCRIPTION
Extent 222 p.
Other physical details Hb.
942 ## - ADDED ENTRY ELEMENTS (KOHA)
Source of classification or shelving scheme
Koha item type Book
Holdings
Withdrawn status Lost status Source of classification or shelving scheme Damaged status Not for loan Permanent Location Current Location Date acquired Total Checkouts Full call number Barcode Date last seen Date last checked out Price effective from Koha item type
          School of Natural Sciences (SNS) School of Natural Sciences (SNS) 05/22/2018 1 515 SNS0002433 11/24/2022 09/05/2018 05/22/2018 Book
© 2023 Central Library, National University of Sciences and Technology. All Rights Reserved.